Name a Valid Song by Artist - Rock - Statistics

General Stats
  • This quiz has been taken 2,676 times
  • The average score is 16 of 20
Answer Stats
Artist Songs % Correct
The Beatles Here Comes The Sun, Let It Be...
98%
Queen Bohemian Rhapsody, Don't Stop Me Now...
97%
Nirvana Smells Like Teen Spirit, Come As You Are...
92%
AC/DC Back In Black, Highway to Hell...
90%
Green Day Basket Case, American Idiot...
86%
Eagles Hotel California, Take It Easy...
83%
Coldplay Something Just Like This, The Scientist...
82%
Led Zeppelin Stairway to Heaven, Immigrant Song...
82%
Pink Floyd Wish You Were Here, Another Brick in the Wall...
81%
Radiohead Creep, Karma Police...
78%
The Rolling Stones Paint It Black, (I Can't Get No) Satisfaction...
78%
Lynyrd Skynyrd Sweet Home Alabama, Free Bird...
76%
Red Hot Chili Peppers Under the Bridge, Californication...
75%
The Beach Boys Wouldn't It Be Nice, Good Vibrations...
73%
Fleetwood Mac Dreams, Go Your Own Way...
70%
Linkin Park In The End, Numb...
70%
U2 With Or Without You, Beautiful Day...
69%
The Killers Mr. Brightside, Somebody Told Me...
66%
Creedence Clearwater Revival Fortunate Son, Have You Ever Seen the Rain...
60%
Fall Out Boy Centuries, Sugar We're Goin' Down...
51%
No matching quizzes found
Score Distribution
Percent of People with Each Score
Percentile by Number Answered
Your Score History
You have not taken this quiz